000 00529nam a2200181Ia 4500
003 GCL
008 140319s9999 xx 000 0 eng d
020 _a1 903975 97 2
040 _aGCL /
_cGCL
082 0 4 _a738.5
_bK A
100 1 _aKELLY, SARAH
245 1 0 _aTHE ART OF MOSAIC :
_bTHE ENCYCLOPEDIA OF PROJECTS, TECHNIQUES AND DESIGNS /
_cKELLY, SARAH
260 _aانجلترا :
_bSEARCH PRESS ،
_c2003
300 _a28 CM ؛
_c320 P
650 0 4 _aDECORATION AND ORNAMENT
650 0 4 _aMOSAIC FLOORS
942 _2ddc
_cBK
999 _c6627
_d6627